| 000 | 00628nam a2200217Ia 4500 | ||
|---|---|---|---|
| 005 | 20221219114117.0 | ||
| 008 | 131103s9999 xx 000 0 und d | ||
| 040 | _aLoreto College | ||
| 041 | _aEnglish | ||
| 082 |
_a813.4 _b MEL-STA |
||
| 100 | _aStanonik,Janez | ||
| 245 |
_aMoby Dick _b the myth and the symbol _cJanez Stanonik |
||
| 260 |
_aTrg Revolucije _bLjubljana University Press _c1962 |
||
| 300 | _a215 p. | ||
| 440 | _aA Study In Folklore and Literature | ||
| 504 | _aIncludes index | ||
| 650 | _aMelville,Herman,1819 - 1891 | ||
| 651 | _aAmerican Fiction - 19th Century | ||
| 850 | _aLCLIB | ||
| 942 | _cBK | ||
| 999 |
_c11834 _d62313 |
||